00790 2200265 4500001002100000005001700021008004100038035002400079082001300103090002400116100001800140245012200158260004600280300002400326440002500350500001100375650003200386700001900418700002200437850002100459980001400480985000600494986000900500999001500509YOGYA-0209000004297120090227025922.0 ind  0010-020900000042971 a640.0285 a640.0285bHaw KlQT aHAWKES, Nigel aKomputer dalam rumah tanggacNigel Hawkes ; tim penerjemah, Sofyan Tsauri ... [et al] ; penyunting, Tony S. Rachmadie aJakartabGrolier International, Incc1986 a29 hlmbilusc29 cm aRevolusi elektronika aIndeks aKomputer dalam rumah tangga aTsauri, Sofyan aRakhmadie, Tony S aYOPDYOG [TRM 29] a25-8-2007 a1 aRuni a07A0025253